Clubes brasileiros que já disputaram competições internacionais. - Statistics

Estatísticas Gerais
  • Esse quiz foi jogado 80 vezes
  • A pontuação média é 39 de 49
Estatísticas das Respostas
Participações totais Última participação Equipe % Correto
39 2025 Corinthians
100%
48 2025 Cruzeiro
100%
29 2025 Fluminense
100%
42 2025 Palmeiras
100%
42 2023 Santos
100%
24 2025 Botafogo
98%
48 2025 Flamengo
98%
50 2025 Grêmio
98%
30 2025 Internacional
98%
33 2025 Atlético Mineiro
97%
62 2025 São Paulo
97%
21 2024 Athletico Paranaense
95%
12 2025 Bahia
95%
6 2025 Fortaleza
94%
8 2025 Vitória
94%
4 2022 Ceará
92%
7 2016 Coritiba
92%
10 2023 Goiás
92%
8 2019 Chapecoense
91%
7 2017 Sport
91%
30 2025 Vasco da Gama
91%
3 2014 Criciúma
88%
2 2005 Juventude
88%
1 2010 Avaí
86%
2 2022 América Mineiro
84%
1 2003 Paysandu
84%
4 2016 Figueirense
83%
3 2022 Atlético Goianiense
81%
2 2024 Cuiabá
81%
1 2016 Santa Cruz
81%
4 2007 Paraná
80%
3 2017 Ponte Preta
80%
5 2004 São Caetano
80%
4 1995 Guarani
78%
2 2013 Naútico
78%
1 1999 CSA
73%
1 2005 Santo André
73%
1 1986 Bangu
72%
8 2024 Red Bull Bragantino
72%
1 2015 Joinville
67%
1 2006 Paulista
67%
2 2013 Portuguesa
67%
1 1999 Vila Nova
52%
1 1998 América de Natal
50%
1 1998 Sampaio Corrêa
45%
1 2015 Brasília
31%
1 2010 Grêmio Prudente
30%
1 1999 São Raimundo
27%
1 1997 Rio Branco
20%
Nenhum quiz correspondente encontrado
Distribuição das Pontuações
Porcentagem de Pessoas com Cada Pontuação
Percentil de Números Respondidos
Sua Pontuação Histórica
Você não jogou esse quiz